01595nam a22003017a 4500008004100000020001800041050002300059082001400082245004500096260003700141300007900178490002400257505057500281650003800856650003000894650002600924650002400950650002400974700002800998700003801026700003601064700003301100700003101133700003601164700003401200700003201234700002701266130906s2012 mx ao 001 0 spa d a9786071506382 4aQH307.2 bB54 2012 a570 B484b00aBiologíac / Alton Biggs... [et. al.]  aMéxicob : McGraw Hillc, 2012 axxix,1220 páginas b : ilustraciones a color : fotografías c ; 27 cm.0 aCiencias de Glencoe0 aEl estudio de la vida Principios de la ecología Comunidades, bíomas y ecosistemas Ecología de las poblaciones La biodiversidad y la conservación La química en la biología Estructura y función celular Energía celular Reproducción Reproducción sexual a la genética Herencia compleja y herencia humana Genética molecular Genética y biotecnología La historia de la vida Evolución La evolución de los primates Introducción a las plantas La estructura y función de las plantas La reproducción en las plantas Introducción a los animales 4aBIOLOGÍAxESTUDIO Y ENSEÑANZA 4aECOLOGÍAxBIODIVERSIDAD 4aGENÉTICAxEVOLUCION 4aFISIOLOGÍA ANIMAL 4aFISIOLOGÍA HUMANA1 aBiggs, Alton e, autor 1 aCrispen Hagins, Whitneye, autor 1 aHolliday, William G. e, autor 1 aKapicka, Chris L. e, autor 1 aLundgren, Linda e, autor 1 aMacKenzie, Ann Haley e, autor 1 aRogers, William D. e, autor 1 aSewer, Marlon B. e, autor 1 aZike, Dinah e, autor